00389nam a2200169Ia 4500008004100000020001200041050001600053100001800069245002100087245002100108260002000129260001500149260000900164300001600173300002000189300001000209170918s9999 xx 000 0 und d a7712987 bC672el 2003 aCoelho, Paulo aEleven Minutes / cby Paulo Coelho. aGreat Britain : bTed Smart, c2003 a275 pages : billustrations ; c19cm.